[Event "Muenster Bezirksliga 0607"]
[Site "Germany"]
[Date "2006.12.16"]
[Round "4.33"]
[White "Yemin"]
[Black "Wildschut, Arne"]
[Result "1-0"]
[WhiteElo "1882"]
[BlackElo "1847"]
[PlyCount "39"]
[EventDate "2006.09.16"]
[EventType "team"]
[EventRounds "9"]
[EventCountry "GER"]
[SourceTitle "EXT 2008"]
[Source "ChessBase"]
[SourceDate "2007.11.25"]
[SourceVersion "1"]
[SourceVersionDate "2007.11.25"]
[SourceQuality "1"]
[WhiteTeam "Muenster SK V"]
[BlackTeam "Senden"]
[WhiteTeamCountry "GER"]
[BlackTeamCountry "GER"]

1. g3 e6 2. Bg2 d5 3. d3 f5 4. Nf3 Nf6 5. 0-0 Bc5 6. Nc3 a6 7. Bg5 0-0 8. Qe1 d4 9. Nd1 Nc6 10. e4 fxe4 11. Bxf6 Rxf6 12. Qxe4 Qd6 13. Ng5 Rh6 14. f4 Nb4 15. Nf2 e5 16. a3 Nxc2 17. fxe5 Qe7 18. Qd5+ Be6 19. Nxe6 Rxe6 20. Bh3 1-0